000
00253nam a2200109Ia 4500
008
190216s9999||||xx |||||||||||||| ||und||
100
_a
Baskaran C
245
0
_a
India Charithram Madhyakalam
260
_b
Kerala Basha Inst
300
_a
144
942
_c
BK
999
_c
20575
_d
20575